000
00302nam a2200145Ia 4500
100
_a
Merzbacher /eugene
250
_a
2
942
_c
BK
654
_a
quantum
245
_a
Quantum mechanics
260
_b
John wiley
_a
Singapore
_c
1961
082
_a
530.12
_b
MER
300
_a
621
546
_a
ENGLISH
999
_c
34774
_d
34774